Luca - Characters by Picture - Statistics

General Stats
  • This quiz has been taken 67 times
  • The average score is 5 of 17
Answer Stats
Picture Answer % Correct
Luca Paguro
98%
Alberto Scorfano
79%
Giulia Marcovaldo
54%
Ercole Visconti
50%
Massimo Marcovaldo
42%
Daniela Paguro
31%
Guido
29%
Lorenzo Paguro
25%
Ugo Paguro
25%
Ciccio
21%
Grandma Paguro
13%
Giacomo
6%
Mrs. Marsigliese
4%
Tommasco
2%
Concetta Aragosta
0%
Don Eugenio
0%
Pinuccia Aragosta
0%
No matching quizzes found
Score Distribution
Percent of People with Each Score
Percentile by Number Answered
Your Score History
You have not taken this quiz